| 000 | 01694nam0a2200361 i 4500 | ||
|---|---|---|---|
| 001 | RU\NLR\bibl\1965475 | ||
| 005 | 20260406012024.0 | ||
| 010 |
_a9785951605900 _91000 |
||
| 021 |
_aRU _b2012-79255 _95881 |
||
| 035 | _a(NLR Aleph) 001954416 | ||
| 090 |
_a3739550 _c3739550 |
||
| 100 | _a20121109d2012 k y0rusy50 ca | ||
| 101 | 0 |
_arus _deng |
|
| 102 | _aRU | ||
| 105 | _ay ||||||||| | ||
| 200 | 1 |
_aПравовая культура как детерминанта современного российского общества _dLegal culture as the determinant of modern society _eмонография _fЛ.А. Петручак _gМоск. гос. юрид. акад. им. О.Е. Кутафина _zeng |
|
| 210 |
_aМосква _cЮриспруденция _d2012 |
||
| 215 |
_a396, [1] с. _d21 |
||
| 300 | _aАвт. также на англ. яз.: L.A. Petruchak | ||
| 300 | _aНа обороте тит. л. авт.: Петручак Л.А. д.ю.н. | ||
| 300 | _aРез. на англ. яз. | ||
| 320 | _aБиблиогр.: с. 369-393 и в подстроч. примеч. | ||
| 510 | 0 |
_6z22790 _aLegal culture as the determinant of modern society _zeng |
|
| 606 | 1 |
_aПравовая культура _yРоссийская Федерация _92116179 _3RU\NLR\auth\661278402 |
|
| 686 | _aХ062.003 | ||
| 700 | 1 |
_4070 _8rus _7ca _aПетручак _bЛ. А. _gЛариса Анатольевна _3RU\NLR\auth\77117522 _9100447 |
|
| 790 | 1 |
_4070 _8rus _7ba _aPetručak _bL. A. _gLarisa Anatol'evna _3RU\NLR\auth\77117523 _9100448 |
|
| 801 | 0 |
_aRU _bNLR _c20121109 _gRCR |
|
| 801 | 1 |
_aRU _bNLR _c20121109 |
|
| 830 | _aавт. по кн. | ||
| 942 | _cBOOK | ||
| 980 | _aNBR | ||